00451nam a2200133Ia 4500008004100000020001800041100002200059245005600081260002700137650001200164856004900176999001900225952007300244171212s9999 xx 000 0 und d a9780833091635 aCohen, Raphael S. cCohen, Raphael S.aDemystifying the Citizen Soldier bRAND Corporationc2015 aHistory uhttp://jstor.org/stable/10.7249/j.ctt19rmdcb c351928d351928 001040aCLbCLd2017-12-12l0r2017-12-12 00:00:00w2017-12-12yCBE